[Event "6Ã¨me LUC open"]
[Site "Lille"]
[Date "2015-05-09"]
[Round "8.1"]
[White "DEMUTH, Adrien"]
[Black "SAGAR, Shah"]
[Result "1/2-1/2"]
[WhiteElo "2515"]
[BlackElo "2436"]

1. d4 Nf6 2. c4 e6 3. g3 Bb4+ 4. Bd2 Qe7 5. Nf3 Bxd2+ 6. Qxd2 Nc6 7. b3 d5 8.
Bg2 Ne4 9. Qd3 O-O 10. O-O Nb4 11. Qd1 c5 12. a3 Nc6 13. dxc5 Qxc5 14. cxd5
exd5 15. b4 Qd6 16. Qd3 Ne5 17. Nxe5 Qxe5 18. Nd2 Nc3 19. Rfe1 Bf5 20. e4 Nxe4
21. Nxe4 dxe4 22. Bxe4 Bxe4 23. Qxe4 Qxe4 24. Rxe4 f5 25. Re7 Rf7 26. Rae1 Kf8
27. Rxf7+ 1/2-1/2

*

[Event "6Ã¨me LUC open"]
[Site "Lille"]
[Date "2015-05-09"]
[Round "8.2"]
[White "BAILET, Pierre"]
[Black "GHARAMIAN, Tigran"]
[Result "1/2-1/2"]
[WhiteElo "2519"]
[BlackElo "2647"]

1. d4 Nf6 2. c4 e6 3. Nf3 d5 4. g3 Be7 5. Bg2 O-O 6. O-O dxc4 7. Qc2 a6 8. a4
Bd7 9. Ne5 Bc6 10. Nxc6 Nxc6 11. e3 Na5 12. Nd2 c5 13. dxc5 Rc8 14. b4 cxb3 15.
Nxb3 Nxb3 16. Qxb3 Nd7 17. Ba3 Nxc5 18. Bxc5 Bxc5 19. Qxb7 a5 20. Rfd1 Qc7 21.
Qxc7 Rxc7 1/2-1/2

*

[Event "6Ã¨me LUC open"]
[Site "Lille"]
[Date "2015-05-09"]
[Round "8.3"]
[White "TERRIEUX, Kevin"]
[Black "ZHIGALKO, Andrey"]
[Result "1/2-1/2"]
[WhiteElo "2439"]
[BlackElo "2586"]

1. d4 Nf6 2. Bg5 Ne4 3. Bf4 c5 4. d5 Qb6 5. Nd2 Qxb2 6. Nxe4 Qb4+ 7. c3 Qxe4 8.
e3 e5 9. dxe6 Qxe6 10. Nf3 Be7 11. Ne5 O-O 12. Bc4 Qf6 13. g4 d6 14. g5 Qf5 15.
Bd3 Qh3 16. Bf1 Qe6 17. Bc4 Qf5 18. Bd3 Qh3 19. Bf1 Qh4 20. Nf3 Qh5 21. Be2 Qh3
22. Bf1 Qe6 23. h4 Nc6 24. Bd3 d5 25. h5 g6 26. Qe2 Re8 27. Rc1 Bf8 28. hxg6
hxg6 29. a3 Bg7 30. e4 b6 31. Rh4 Bb7 32. Nh2 f5 33. gxf6 Qxf6 34. Bg3 Ne5 35.
Ng4 Qg5 36. f4 Nxd3+ 37. Qxd3 dxe4 38. fxg5 exd3+ 39. Kd2 Bf8 40. Nh6+ Bxh6 41.
Rxh6 Be4 42. Re1 Rad8 43. Rh4 Bf3 44. Be5 Bh5 45. Rhe4 Rd7 46. Bf6 Rxe4 47.
Rxe4 Bf3 48. Re5 Kf8 49. Re6 Rh7 50. Be5 Bg4 51. Bd6+ Kg8 52. Re8+ Kf7 53. Re7+
Kg8 54. Re8+ Kf7 1/2-1/2

*

[Event "6Ã¨me LUC open"]
[Site "Lille"]
[Date "2015-05-09"]
[Round "8.4"]
[White "CHATALBASHEV, Boris"]
[Black "SHIRAZI, Kamran"]
[Result "1-0"]
[WhiteElo "2541"]
[BlackElo "2385"]

1. d4 Nf6 2. c4 d6 3. Nc3 Bf5 4. Nf3 g6 5. d5 Bg7 6. Nd4 Bd7 7. e4 e5 8. dxe6
fxe6 9. Be2 O-O 10. O-O Nc6 11. Be3 Nxd4 12. Bxd4 Bc6 13. Qc2 Qe7 14. Rad1 Nd7
15. Be3 Bxc3 16. Qxc3 Bxe4 17. Bh6 Rf7 18. Qe3 Bc6 19. Bg5 Qe8 20. f4 e5 21. f5
Rxf5 22. c5 Qe6 23. cxd6 cxd6 24. Bh6 Nf6 25. Rxf5 Qxf5 26. Rxd6 Ng4 27. Bxg4
Qxg4 28. Rd2 Re8 29. h3 Qe6 30. Qxa7 g5 31. Bxg5 h6 32. Bh4 Qc4 33. Qf2 Rf8 34.
Qe1 Qxa2 35. Qxe5 Qb1+ 36. Kh2 Qg6 37. Be7 Re8 38. Re2 Kh7 39. b4 Rg8 40. g4 h5
41. g5 Qb1 42. Qf4 Rg7 43. Kg3 Kg8 44. Bf6 h4+ 45. Kf2 Rd7 46. Qb8+ Kf7 47. Qh8
Kg6 48. Qh6+ Kf5 1-0

*

[Event "6Ã¨me LUC open"]
[Site "Lille"]
[Date "2015-05-09"]
[Round "8.5"]
[White "LOISEAU, Quentin"]
[Black "MAIOROV, Nikita"]
[Result "1/2-1/2"]
[WhiteElo "2415"]
[BlackElo "2563"]

1. d4 Nf6 2. c4 e6 3. Nc3 Bb4 4. e3 O-O 5. Bd3 d5 6. Nf3 b6 7. O-O Ba6 8. cxd5
exd5 9. Bxa6 Nxa6 10. Bd2 Re8 11. Rc1 Bf8 12. Qa4 Qc8 13. Rfd1 Qb7 14. Be1 c6
15. Ne2 Rac8 16. Nf4 g6 17. Rd2 Rc7 18. Qd1 Nb8 19. Rdc2 Rec8 20. Ne5 1/2-1/2

*

[Event "6Ã¨me LUC open"]
[Site "Lille"]
[Date "2015-05-09"]
[Round "8.6"]
[White "BURMAKIN, Vladimir"]
[Black "MIDOUX, Sebastien"]
[Result "1-0"]
[WhiteElo "2585"]
[BlackElo "2315"]

1. d4 Nf6 2. Nf3 g6 3. Bf4 Bg7 4. e3 O-O 5. Be2 d6 6. c3 Nfd7 7. e4 e5 8. Bg5
Qe8 9. dxe5 dxe5 10. O-O Nc5 11. Nbd2 Ne6 12. Bh4 Nf4 13. Re1 Nxe2+ 14. Qxe2
Nc6 15. Nc4 f6 16. Ne3 Nd8 17. Qc4+ Ne6 18. Nd2 h5 19. f3 Rf7 20. Nb3 a5 21.
Rad1 a4 22. Nc1 b6 23. Qd5 Rb8 24. Qd2 Bh6 25. Qc2 Bg5 26. Bxg5 Nxg5 27. Nd3 h4
28. f4 exf4 29. Nxf4 Qxe4 30. Rd8+ Rf8 31. Rxf8+ Kxf8 32. Qf2 Bb7 33. Ned5 Bxd5
34. Rxe4 Bxe4 35. Ne6+ 1-0

*

[Event "6Ã¨me LUC open"]
[Site "Lille"]
[Date "2015-05-09"]
[Round "8.7"]
[White "LAZAREV, Vladimir"]
[Black "STRIKOVIC, Aleksa"]
[Result "1/2-1/2"]
[WhiteElo "2361"]
[BlackElo "2526"]

1. d4 d6 2. Nf3 f5 3. g3 Nf6 4. Bg2 g6 5. b4 Bg7 6. Bb2 O-O 7. O-O a5 8. b5
Nbd7 9. Qd3 Kh8 10. Nbd2 Nb6 11. a4 Nfd5 12. Qb3 c6 13. c4 Nf6 14. Rfe1 Bd7 15.
e3 h6 16. Nh4 Kh7 17. e4 fxe4 18. Nxe4 d5 19. cxd5 Nfxd5 20. Nc5 Bf6 21. Nxb7
Qc7 22. Nc5 Bxh4 23. gxh4 Bg4 24. Qg3 Qxg3 25. hxg3 cxb5 26. axb5 Bf3 27. Ne6
Rf6 28. Ba3 Bxg2 29. Kxg2 Kg8 30. Rac1 Kf7 31. Rc6 Nc4 32. Rxc4 Rxe6 33. Rxe6
Kxe6 34. Rc6+ Kf7 35. Kf3 Rb8 36. Rc5 Ke6 37. Bc1 h5 38. Bd2 a4 39. Ke4 Nf6+
40. Kd3 a3 41. Re5+ Kd7 42. Bb4 Ra8 43. Rxe7+ Kd8 44. Re1 a2 45. Ra1 Kc7 46.
Bc5 Kd7 47. f3 Nd5 48. b6 Kc6 49. Kc4 Nxb6+ 50. Kb3 Nd5 51. Rxa2 Rxa2 52. Kxa2
Ne3 53. Kb3 Kd5 54. Kc3 Nf5 55. Kd3 Nxg3 56. Be7 Nf5 57. Bf6 Ke6 58. Bg5 Kd5
59. Bf6 Ke6 60. Bd8 Kd5 1/2-1/2

*

[Event "6Ã¨me LUC open"]
[Site "Lille"]
[Date "2015-05-09"]
[Round "8.8"]
[White "VAN FOREEST, Lucas"]
[Black "MANOLACHE, Marius"]
[Result "0-1"]
[WhiteElo "2312"]
[BlackElo "2498"]

1. e4 g6 2. d4 Bg7 3. c3 d6 4. Nf3 Nf6 5. Bd3 O-O 6. O-O c5 7. Re1 Nc6 8. h3 a6
9. a3 b5 10. Be3 Qc7 11. dxc5 dxc5 12. Bxc5 Rd8 13. Qc2 Ne5 14. Nxe5 Qxc5 15.
Nf3 Nh5 16. Nbd2 Nf4 17. Bf1 Qh5 18. Rad1 Be6 19. Nh2 Be5 20. Ndf3 Bc7 21.
Rxd8+ Rxd8 22. Rd1 Rc8 23. Nd4 Bd7 24. Ne2 Be6 25. Nxf4 Bxf4 26. Be2 Bb3 27.
Qxb3 Qxe2 28. Nf3 Qxe4 29. Re1 Qb7 30. a4 Bd6 31. Re3 Rc5 32. Rd3 Qc6 33. Rd4
Kg7 34. axb5 Rxb5 35. Qa4 Rxb2 36. Kf1 Qxc3 37. Qxa6 Qc2 38. Rd2 Rb1+ 39. Ke2
Qe4# 0-1

*

[Event "6Ã¨me LUC open"]
[Site "Lille"]
[Date "2015-05-09"]
[Round "8.9"]
[White "KARPATCHEV, Aleksandr"]
[Black "GUEZENNEC, Franck"]
[Result "1-0"]
[WhiteElo "2466"]
[BlackElo "2231"]

1. e4 c5 2. c3 g6 3. Nf3 Bg7 4. d4 cxd4 5. Bc4 d3 6. O-O Nc6 7. Re1 d6 8. h3
Nf6 9. Bxd3 O-O 10. Bf4 e5 11. Bg5 h6 12. Bxf6 Qxf6 13. Na3 Rd8 14. Bc4 Be6 15.
Qd3 Rac8 16. Rad1 Ne7 17. Bxe6 Qxe6 18. c4 a6 19. b3 h5 20. Qe2 Bh6 21. Rd3 Rc6
22. Nc2 Rc5 23. Red1 f5 24. exf5 gxf5 25. Nb4 Qf6 26. Nh2 h4 27. Nf1 Ng6 28.
Nd5 Qg7 29. Nfe3 Rf8 30. Qh5 e4 31. Rd4 Bxe3 32. fxe3 Ne5 33. Kh1 Nd3 34. Qxh4
b5 35. Nf4 Nxf4 36. Qxf4 bxc4 37. Qxd6 Re5 38. Rxc4 f4 39. exf4 Re7 40. Rxe4 1-0

*

[Event "6Ã¨me LUC open"]
[Site "Lille"]
[Date "2015-05-09"]
[Round "8.10"]
[White "MAJHI, Ankit"]
[Black "NAUMKIN, Igor"]
[Result "0-1"]
[WhiteElo "2178"]
[BlackElo "2445"]

1. e4 e6 2. d4 d5 3. Nc3 Nf6 4. e5 Nfd7 5. f4 c5 6. Nf3 Nc6 7. Be3 a6 8. Qd2 b5
9. dxc5 Bxc5 10. Bd3 h6 11. a3 O-O 12. Qf2 Bxe3 13. Qxe3 Bb7 14. Ne2 f6 15.
exf6 Rxf6 16. O-O Qc7 17. Ned4 Nxd4 18. Nxd4 Re8 19. c3 Nc5 20. Bc2 Ne4 21. a4
bxa4 22. Bxa4 Ref8 23. Bc2 Qf7 24. Bd3 Bc8 25. g3 Qb7 26. b4 Qb6 27. Bxe4 dxe4
28. Rfe1 Qc7 29. Nb3 e5 30. Qc5 Qf7 31. fxe5 Rf2 32. Na5 Kh8 33. Qd4 Bh3 34.
Qc4 Rg2+ 35. Kh1 Qf2 0-1

*

[Event "6Ã¨me LUC open"]
[Site "Lille"]
[Date "2015-05-09"]
[Round "8.11"]
[White "GRIGORIAN, Roudolph"]
[Black "DOURERASSOU, Jonathan"]
[Result "1/2-1/2"]
[WhiteElo "2093"]
[BlackElo "2414"]

1. d4 d5 2. Nf3 Nf6 3. g3 g6 4. Bg2 Bg7 5. O-O O-O 6. Nbd2 Nc6 7. b3 a5 8. Bb2
a4 9. bxa4 Na5 10. Ne5 Be6 11. c4 dxc4 12. Rc1 Nd7 13. Nexc4 c6 14. e4 Nb6 15.
Nxa5 Rxa5 16. Nb3 Ra7 17. Nc5 Bxa2 18. Qc2 Nd7 19. d5 Bxb2 20. Qxb2 Nxc5 21.
Rxc5 Rxa4 22. Qc2 Ra6 23. dxc6 bxc6 24. Rxc6 Bb3 25. Qc3 Rxc6 26. Qxc6 Qd4 27.
Rc1 Be6 28. Qc5 Qxc5 29. Rxc5 Rd8 30. Bf3 h5 31. h4 Rd2 32. Rc1 Kg7 33. Rd1 Rb2
34. Kf1 Kf6 35. Ke1 Bg4 36. Bxg4 hxg4 37. Rd4 Ke5 38. Ra4 Rc2 39. Rb4 Ra2 40.
Rc4 f6 41. Rb4 1/2-1/2

*

[Event "6Ã¨me LUC open"]
[Site "Lille"]
[Date "2015-05-09"]
[Round "8.12"]
[White "BECUWE, Olivier"]
[Black "MARTYNOV, Pavel"]
[Result "0-1"]
[WhiteElo "2083"]
[BlackElo "2440"]

1. e4 e6 2. d4 d5 3. e5 c5 4. c3 Nc6 5. Nf3 Bd7 6. a3 c4 7. b3 cxb3 8. Qxb3 Na5
9. Qc2 Ne7 10. Nbd2 Nc8 11. c4 dxc4 12. Nxc4 Nxc4 13. Bxc4 Nb6 14. Bd3 Rc8 15.
Qe2 Bc6 16. Bd2 Be7 17. O-O O-O 18. Bb4 Bxf3 19. Qxf3 Nd5 20. Be4 Bxb4 21. axb4
Rc3 22. Qe2 Qb6 23. Bxd5 exd5 24. Qa2 Qxd4 25. Qxa7 Qxb4 26. Rfb1 Rb3 27. Rd1
Rd8 28. Qd4 g6 29. Ra4 Qxd4 30. Raxd4 h5 31. g3 Rb5 32. Re1 Re8 33. Kg2 Kf8 34.
h4 Re6 35. Kf3 Ke7 36. Kf4 Rc6 37. Kg5 Rc4 38. Rd3 Re4 39. Rde3 Rxe3 40. Rxe3
d4 41. Re4 Rd5 42. Kf4 Ke6 43. Re1 d3 44. f3 d2 45. Rd1 Rd4+ 46. Ke3 Kxe5 47.
g4 hxg4 48. fxg4 Rxg4 49. Rxd2 Re4+ 50. Kf3 Rxh4 51. Rb2 Rf4+ 52. Kg3 Rd4 53.
Rxb7 f5 54. Rb8 {partie illisible} 0-1

*

[Event "6Ã¨me LUC open"]
[Site "Lille"]
[Date "2015-05-09"]
[Round "8.13"]
[White "CHKHAIDZE, Nikoloz"]
[Black "VAN FOREEST, Jorden"]
[Result "0-1"]
[WhiteElo "2226"]
[BlackElo "2519"]

1. Nf3 d5 2. d4 Nf6 3. c4 c6 4. e3 Bg4 5. h3 Bh5 6. g4 Bg6 7. Ne5 Nbd7 8. Nxg6
hxg6 9. Bg2 e6 10. Nd2 Bd6 11. O-O g5 12. Re1 Kf8 13. e4 dxe4 14. Nxe4 Nxe4 15.
Rxe4 Kg8 16. d5 exd5 17. cxd5 c5 18. Qf3 Nf8 19. Qf5 Be7 20. Rxe7 Qxe7 21. Bxg5
Qd7 22. Qxd7 Nxd7 23. Re1 f6 24. Re7 fxg5 25. Rxd7 Rh6 26. Rxb7 Rb6 27. Re7 Kf8
28. Re2 a5 29. b3 a4 30. Rc2 Ra5 31. Rc3 Rb4 32. Bf1 Rd4 33. Bc4 a3 34. Rc2 Ra7
35. f3 Rd1+ 36. Kf2 Re7 37. b4 cxb4 38. Bb3 Rd3 39. Rc8+ Re8 40. Rc4 Rd2+ 41.
Kf1 Rde2 42. h4 Re1+ 43. Kg2 gxh4 44. g5 R8e2+ 45. Kh3 Rh1+ 46. Kg4 Rg1+ 47.
Kf5 Ke7 48. Rxh4 Re3 49. Rxb4 Rxf3+ 50. Kg6 Rf6+ 51. Kh5 Rf3 52. Kg6 Rfg3 53.
Rb7+ Kd6 54. Kxg7 Rxg5+ 55. Kf6 R5g3 56. Rb6+ Kc7 57. Rb5 Re1 58. Kf5 Rf3+ 59.
Kg4 Rf8 60. d6+ Kc6 61. Rg5 Rg1+ 62. Kh5 Rxg5+ 63. Kxg5 Kxd6 0-1

*

[Event "6Ã¨me LUC open"]
[Site "Lille"]
[Date "2015-05-09"]
[Round "8.14"]
[White "WEILL, Roland"]
[Black "LE, Quang Long"]
[Result "0-1"]
[WhiteElo "2151"]
[BlackElo "2405"]

1. e4 c6 2. d4 d5 3. Nc3 g6 4. Nf3 dxe4 5. Nxe4 Bg7 6. Bd3 Nd7 7. O-O Ngf6 8.
Nxf6+ Nxf6 9. Re1 O-O 10. c3 Qc7 11. Bg5 c5 12. dxc5 Qxc5 13. Qa4 Be6 14. Be3
Qc7 15. Bd4 Rfd8 16. Rxe6 fxe6 17. Bc4 Nd5 18. Re1 a6 19. Bxg7 b5 20. Bxb5 axb5
21. Qh4 Qf4 22. Qxf4 Nxf4 23. Bd4 Rxa2 24. g3 Nd5 25. b4 Rd6 26. h4 Ra3 27. Ng5
Rda6 28. Kg2 Nxc3 29. Rc1 Rc6 30. Ne4 Nxe4 31. Rxc6 Rd3 32. Be3 Kf7 33. Rc7 h5
34. Rb7 Rd5 35. Kf3 Nd6 36. Rc7 e5 37. Bc5 Ke6 38. Ra7 Rd3+ 39. Ke2 Rb3 40. Kd1
Rb1+ 41. Ke2 Rb2+ 42. Ke1 Nf5 43. Ra6+ Kf7 44. Ra7 e4 45. Rb7 e3 46. fxe3 Nxg3
47. Rxe7+ Kf6 48. Rb7 Kf5 49. Rf7+ Kg4 50. Rg7 Kxh4 51. Rxg6 Kh3 52. Rb6 h4 53.
Rxb5 Kg2 54. Bd6 Re2+ 55. Kd1 Rxe3 56. Kd2 Rf3 57. Bxg3 Rxg3 58. Re5 h3 59.
Re2+ Kf3 60. Re3+ Kf4 61. Re8 Rg2+ 62. Kc3 Rg4 63. Kc4 h2 64. Rh8 Kg3+ 65. Kc5
Rh4 0-1

*

[Event "6Ã¨me LUC open"]
[Site "Lille"]
[Date "2015-05-09"]
[Round "8.15"]
[White "MCLAREN, Brian"]
[Black "VALLES, Manuel"]
[Result "1-0"]
[WhiteElo "2141"]
[BlackElo "2354"]

1. e4 c5 2. Nc3 Nc6 3. g3 g6 4. Bg2 Bg7 5. d3 e5 6. Be3 d6 7. Qd2 Nge7 8. f4
O-O 9. Nf3 Nd4 10. O-O Rb8 11. fxe5 dxe5 12. Rf2 f6 13. Nd5 Nxd5 14. exd5 b6
15. Nh4 g5 16. Bxd4 gxh4 17. Be3 hxg3 18. hxg3 Qe8 19. Bf3 Qg6 20. Rg2 Bh3 21.
Rf2 Qxg3+ 22. Kh1 Bf5 23. Qe2 Bg6 24. Rh2 e4 25. dxe4 Rbe8 26. Rg1 Qe5 27. Rh4
f5 28. Bf4 Qxb2 29. e5 Bxe5 30. d6 Qd4 31. d7 Re7 32. Rd1 Bf6 33. Qh2 Qxd1+ 34.
Bxd1 Re1+ 35. Kg2 Rxd1 36. Rh3 Rxd7 37. Rd3 Re7 38. Re3 Rfe8 39. Rxe7 Rxe7 40.
Qg3 Kg7 41. Kf1 Re4 42. Qh2 h5 43. Bb8 Re7 44. Bd6 Re6 45. Bb8 Re7 46. Bd6 Re4
47. Bb8 h4 48. Qc7+ Re7 49. Qf4 b5 50. Qf2 c4 51. Bxa7 Re4 52. Bb8 c3 53. Qa7+
Bf7 54. Qc5 Kg6 55. Qc6 Bxa2 56. Kf2 Bc4 57. Bd6 Re2+ 58. Kf3 Re6 59. Qc5 Re1
60. Qc6 Rd1 61. Qb6 Rf1+ 62. Kg2 Re1 63. Bf4 Re4 64. Bc7 Kg5 65. Bd8 Bxd8 66.
Qxd8+ Kg4 67. Qd6 Re2+ 68. Kg1 Re1+ 69. Kf2 Re2+ 70. Kg1 Rxc2 71. Qd1+ Re2 72.
Qd4+ f4 73. Qg7+ Kh3 74. Qxc3+ Re3 75. Qd2 Kg4 76. Qd7+ Kg3 77. Qg7+ Kf3 78.
Qg2# 1-0

*

[Event "6Ã¨me LUC open"]
[Site "Lille"]
[Date "2015-05-09"]
[Round "8.16"]
[White "INOUSS, Badr"]
[Black "VAN DER LENDE, Ilias"]
[Result "0-1"]
[WhiteElo "2000"]
[BlackElo "2333"]

1. d4 e6 2. Nf3 d5 3. g3 Bd6 4. Bg5 f6 5. Be3 c6 6. Bh3 e5 7. Bg2 Ne7 8. dxe5
fxe5 9. O-O Nf5 10. Bg5 Qb6 11. Nh4 Nxh4 12. Bxh4 O-O 13. Nd2 h6 14. e4 Qd4 15.
Qe2 Be6 16. Rad1 Nd7 17. c4 Qxb2 18. exd5 cxd5 19. cxd5 Bf5 20. g4 Bg6 21. f4
Qd4+ 22. Kh1 Bd3 23. Qe1 Bxf1 24. Qxf1 Rxf4 25. Nf3 Qc4 26. Qe1 Bb4 27. Qe3 Bc5
28. Qe1 Re4 29. Qd2 Re2 30. Qc1 Qxa2 31. Rd2 Rxd2 0-1

*

[Event "6Ã¨me LUC open"]
[Site "Lille"]
[Date "2015-05-09"]
[Round "8.17"]
[White "DI NICOLANTONIO, Lucas"]
[Black "DIAZ, Franck"]
[Result "1-0"]
[WhiteElo "2414"]
[BlackElo "2111"]

1. Nf3 f5 2. d3 Nc6 3. e4 e5 4. d4 fxe4 5. Nxe5 Nf6 6. Bg5 Be7 7. Bb5 O-O 8.
Nc3 Qe8 9. O-O d6 10. Nxc6 bxc6 11. Ba4 Bd7 12. Qd2 d5 13. f3 c5 14. Bxf6 Rxf6
15. Bxd7 Qxd7 16. fxe4 dxe4 17. d5 Rb6 18. Nxe4 Rab8 19. b3 Rb4 20. c4 a5 21.
Qf2 a4 22. Nxc5 Bxc5 23. Qxc5 axb3 24. axb3 Rxb3 25. Rae1 h5 26. Qe7 Qg4 27.
Qf7+ Kh7 28. Rf5 Rh3 29. Rf4 Qg5 30. Kh1 Rb2 31. Qf5+ Qxf5 32. Rxf5 Rh4 33. c5
Re4 34. Rc1 Ree2 35. Rxh5+ Kg6 36. Rh3 Rbc2 37. Rg3+ Kh7 38. Rf1 Rf2 39. Re1
Rfe2 40. Rf1 Rf2 41. Kg1 Rfd2 42. h4 Kg8 43. Rf5 Rxc5 44. Rfg5 Rcxd5 45. Rxg7+
Kf8 46. R7g4 Rh5 47. Kh2 Rc2 48. Kh3 Rc1 49. Rf4+ Ke7 50. Kg4 Rcc5 51. Rgf3 Rh7
52. Re4+ Kd7 53. Rd3+ Kc6 54. Kh3 Rch5 55. g3 Kb5 56. Rb3+ Kc5 57. Rc3+ Kb5 58.
Re8 c5 59. Rb8+ Kc6 60. Kg2 Kd5 61. Rd8+ Ke6 62. Re8+ {partie illisible} 1-0

*

[Event "6Ã¨me LUC open"]
[Site "Lille"]
[Date "2015-05-09"]
[Round "8.18"]
[White "COULON, Guillaume"]
[Black "BANNINK, Bernard"]
[Result "0-1"]
[WhiteElo "2020"]
[BlackElo "2267"]

1. e4 c5 2. Nf3 e6 3. d4 cxd4 4. Nxd4 Nc6 5. Nc3 Qc7 6. Ndb5 Qb8 7. Be3 a6 8.
Nd4 Nf6 9. Be2 Bb4 10. O-O Qc7 11. f3 O-O 12. Nxc6 bxc6 13. Na4 d5 14. c3 Bd6
15. Bc5 Bxh2+ 16. Kh1 Bg3 17. Qd2 Nd7 18. Bxf8 Qd8 0-1

*

[Event "6Ã¨me LUC open"]
[Site "Lille"]
[Date "2015-05-09"]
[Round "8.19"]
[White "FREDERIC, Clement"]
[Black "SILVERT, Alexandre"]
[Result "1-0"]
[WhiteElo "2231"]
[BlackElo "1997"]

1. e4 e6 2. d4 d5 3. Nc3 Nf6 4. e5 Nfd7 5. f4 c5 6. Nf3 Nc6 7. Be3 a6 8. Qd2
Qa5 9. Be2 cxd4 10. Nxd4 Bb4 11. Nb3 Qc7 12. a3 Be7 13. O-O f6 14. f5 Ndxe5 15.
fxe6 Bxe6 16. Nxd5 Bxd5 17. Qxd5 Rd8 18. Qe6 Rd6 19. Qh3 O-O 20. Nc5 Nd8 21.
Rac1 Rc6 22. b4 Qc8 23. Qxc8 Rxc8 24. Rfd1 Ndf7 25. Nxb7 Rc3 26. Bd2 Rxa3 27.
Ra1 Rxa1 28. Rxa1 Rc8 29. c3 Ng5 30. Bxg5 fxg5 31. Ra3 Rc6 32. Na5 Rd6 33. Nb3
Rc6 34. Nd4 Rf6 35. Rxa6 Rf4 36. Bd1 g6 37. Bb3+ Kh8 38. Ne6 1-0

*

[Event "6Ã¨me LUC open"]
[Site "Lille"]
[Date "2015-05-09"]
[Round "8.20"]
[White "BURGNIES, Stephane"]
[Black "ROSENAUER, Horst"]
[Result "1/2-1/2"]
[WhiteElo "2195"]
[BlackElo "1966"]

1. Nf3 d5 2. c4 c6 3. d4 Nf6 4. Nc3 g6 5. Bf4 Bg7 6. e3 O-O 7. h3 a6 8. Bd3
dxc4 9. Bxc4 Nbd7 10. O-O b5 11. Be2 Bb7 12. Rc1 Rc8 13. Qb3 c5 14. a4 b4 15.
Nb1 Bd5 16. Qd1 a5 17. Ba6 Ra8 18. Bb5 Rc8 19. Ba6 Ra8 20. Bb5 Rc8 21. Ba6 1/2-1/2

*

[Event "6Ã¨me LUC open"]
[Site "Lille"]
[Date "2015-05-08"]
[Round "7.1"]
[White "GHARAMIAN, Tigran"]
[Black "DEMUTH, Adrien"]
[Result "1/2-1/2"]
[WhiteElo "2647"]
[BlackElo "2515"]

1. e4 e5 2. Nf3 Nc6 3. Bb5 a6 4. Ba4 d6 5. O-O Bg4 6. h3 h5 7. d4 b5 8. Bb3
Nxd4 9. hxg4 Nxb3 10. axb3 hxg4 11. Ng5 Qd7 12. Qd3 c6 13. c4 b4 14. c5 f6 15.
Rd1 fxg5 16. Bxg5 Nf6 17. cxd6 Rd8 18. Rxa6 Bxd6 19. Nd2 Qf7 20. Bxf6 Qxf6
1/2-1/2

*

[Event "6Ã¨me LUC open"]
[Site "Lille"]
[Date "2015-05-08"]
[Round "7.2"]
[White "LOISEAU, Quentin"]
[Black "CHATALBASHEV, Boris"]
[Result "1/2-1/2"]
[WhiteElo "2415"]
[BlackElo "2541"]

1. d4 Nf6 2. c4 c5 3. d5 e6 4. Nc3 exd5 5. cxd5 d6 6. Nf3 g6 7. Bf4 Bg7 8. Qa4+
Bd7 9. Qb3 Qc7 10. e4 O-O 11. Be2 b5 12. Nxb5 Bxb5 13. Bxb5 Nxe4 14. O-O a6 15.
Bd3 Nf6 16. Nd2 Nh5 17. Be3 Nd7 18. Nc4 Ne5 19. Rab1 Rfe8 20. Nxe5 Rxe5 21. Bd2
a5 22. Bc4 Nf6 23. Bc3 Re4 24. Bb5 Nd7 1/2-1/2

*

[Event "6Ã¨me LUC open"]
[Site "Lille"]
[Date "2015-05-08"]
[Round "7.3"]
[White "SHIRAZI, Kamran"]
[Black "TERRIEUX, Kevin"]
[Result "1/2-1/2"]
[WhiteElo "2385"]
[BlackElo "2439"]

1. Nf3 Nf6 2. g3 g6 3. Bg2 Bg7 4. O-O O-O 5. b4 d5 6. Bb2 c6 7. a4 Bg4 8. Ne5
Nfd7 9. Nxd7 Bxb2 10. Ra2 Qxd7 11. Rxb2 Bh3 12. d3 Bxg2 13. Kxg2 Na6 14. Nd2
Nc7 15. Nf3 f6 16. c4 dxc4 17. dxc4 Rfd8 18. Qc1 Qe6 19. Rb3 Rd7 20. Re3 Qf7
21. Rd3 Rxd3 22. exd3 e5 23. Qe3 b6 24. a5 bxa5 25. bxa5 Ne6 26. d4 exd4 27.
Nxd4 Nxd4 28. Qxd4 Qe7 29. Rd1 Re8 30. a6 Qe4+ 31. Qxe4 Rxe4 32. Rd8+ Kf7 33.
Ra8 Re7 34. Rc8 Ke6 35. Rxc6+ Ke5 36. f4+ Kd4 37. Kf3 Rf7 38. Kg4 Kc3 39. h4
Kd4 40. Kf3 f5 41. Kg2 Ke3 42. h5 gxh5 43. Kh3 Rg7 44. Kh4 Rg4+ 45. Kxh5 Rxg3
46. Rc7 Ke4 47. Rxa7 Kxf4 48. Rxh7 Ra3 49. a7 Ke4 50. Rd7 f4 51. Kg4 f3 52. Kg3
Ke3 53. Rf7 Kd4 54. Rc7 Ke3 55. Re7+ 1/2-1/2

*

[Event "6Ã¨me LUC open"]
[Site "Lille"]
[Date "2015-05-08"]
[Round "7.4"]
[White "ZHIGALKO, Andrey"]
[Black "VAN FOREEST, Lucas"]
[Result "1-0"]
[WhiteElo "2586"]
[BlackElo "2312"]

1. d4 Nf6 2. c4 e6 3. Nc3 Bb4 4. e3 O-O 5. Bd3 d5 6. Nf3 c5 7. O-O Nc6 8. a3
Bxc3 9. bxc3 dxc4 10. Bxc4 Qc7 11. Bb2 b6 12. Bd3 e5 13. Qc2 Re8 14. e4 c4 15.
Bxc4 exd4 16. Bd3 dxc3 17. Qxc3 Bb7 18. Rac1 Qe7 19. Bb1 Rac8 20. Nh4 Qe5 21.
Nf5 Qxc3 22. Rxc3 Re6 23. Ba2 Nxe4 24. Re3 Nd2 25. Rxe6 Nxf1 26. Rxc6 Rd8 27.
Rc7 Ba6 28. Bxf7+ Kf8 29. Bxg7# 1-0

*

[Event "6Ã¨me LUC open"]
[Site "Lille"]
[Date "2015-05-08"]
[Round "7.5"]
[White "DOURERASSOU, Jonathan"]
[Black "BURMAKIN, Vladimir"]
[Result "1/2-1/2"]
[WhiteElo "2414"]
[BlackElo "2585"]

1. e4 c6 2. d4 d5 3. Nc3 dxe4 4. Nxe4 Nd7 5. Ng5 Ngf6 6. Bd3 e6 7. N1f3 Bd6 8.
Qe2 h6 9. Ne4 Nxe4 10. Qxe4 Nf6 11. Qh4 Qa5+ 12. Bd2 Qh5 13. Qxh5 Nxh5 14. Ne5
Nf6 15. f3 O-O 16. O-O-O c5 17. Nc4 Be7 18. dxc5 Bxc5 19. Be3 Bxe3+ 20. Nxe3 b6
21. c4 Bb7 22. Rhe1 Rfc8 23. Bc2 Rc7 24. Rd2 Kf8 25. b3 Rac8 26. Kb2 Rd7 27.
Rxd7 Nxd7 28. Rd1 Ke7 29. Rd2 Rc7 30. Re2 Kf8 31. Ng4 f5 32. Nf2 Kf7 33. Nd3 g5
34. f4 Be4 35. g3 Kf6 36. Kc3 b5 37. Kd4 bxc4 38. bxc4 Rc6 39. Kc3 Rc8 40. Kd4
Rd8 41. Kc3 Rc8 42. Kd4 1/2-1/2

*

[Event "6Ã¨me LUC open"]
[Site "Lille"]
[Date "2015-05-08"]
[Round "7.6"]
[White "LE, Quang Long"]
[Black "BAILET, Pierre"]
[Result "0-1"]
[WhiteElo "2405"]
[BlackElo "2519"]

1. c4 e5 2. g3 Nf6 3. Bg2 g6 4. Nc3 Bg7 5. Nf3 Nc6 6. O-O O-O 7. d3 d6 8. Rb1
a5 9. a3 Nd4 10. Nd2 c6 11. e3 Ne6 12. Nde4 Ne8 13. b4 axb4 14. axb4 f5 15. Nd2
f4 16. b5 Bd7 17. bxc6 bxc6 18. Nde4 Kh8 19. Re1 d5 20. cxd5 cxd5 21. Nxd5 Ba4
22. Qg4 Qxd5 23. Nc3 Qxd3 24. Bb2 f3 25. Bxf3 Rxf3 26. Qxf3 e4 27. Qxe4 Qxe4
28. Nxe4 Bc2 29. Bxg7+ N8xg7 30. Rb4 Bxe4 31. Rxe4 Ng5 32. Re7 Nf5 33. Rd7 Nf3+
34. Kf1 Nxe1 35. Kxe1 h5 36. h3 Ng7 37. Ke2 Kh7 38. f4 Kh6 39. Kf3 Ra1 40. e4
Ra3+ 41. Kg2 Re3 42. Rd4 h4 43. Rd8 Rxg3+ 44. Kh2 Nh5 45. f5 Nf4 46. f6 Rxh3+
47. Kg1 Rf3 48. e5 Kg5 49. Kh2 Ne6 50. Re8 Kf5 0-1

*

[Event "6Ã¨me LUC open"]
[Site "Lille"]
[Date "2015-05-08"]
[Round "7.7"]
[White "MANOLACHE, Marius"]
[Black "GRIGORIAN, Roudolph"]
[Result "1/2-1/2"]
[WhiteElo "2498"]
[BlackElo "2093"]

1. d4 d5 2. Nf3 Nf6 3. c4 e6 4. Nc3 c5 5. cxd5 Nxd5 6. e4 Nxc3 7. bxc3 cxd4 8.
cxd4 Bb4+ 9. Bd2 Bxd2+ 10. Qxd2 O-O 11. Rc1 Nd7 12. Bd3 b6 13. O-O Bb7 14. Qf4
Nf6 15. Rc3 Rc8 16. Ra3 a5 17. Rb3 Nd7 18. Re1 Re8 19. Bb5 Bc6 20. Ba6 Ra8 21.
Rc3 Bxe4 22. Ng5 Bg6 23. Bb7 Rb8 24. Bc6 Rf8 25. Bxd7 Qxd7 26. h4 Rbd8 27. h5
Bxh5 28. Qh4 g6 29. Ne4 Qxd4 30. Rc4 Qb2 31. g4 f5 32. gxh5 fxe4 33. hxg6 Rd7
34. Rcxe4 Rg7 35. Rxe6 Rxg6+ 36. Rxg6+ hxg6 37. Re7 Qc1+ 38. Kg2 Qc6+ 39. Kg1
Qc1+ 40. Kg2 Qc6+ 41. Kg1 Qc1+ 1/2-1/2

*

[Event "6Ã¨me LUC open"]
[Site "Lille"]
[Date "2015-05-08"]
[Round "7.8"]
[White "NAUMKIN, Igor"]
[Black "LAZAREV, Vladimir"]
[Result "1/2-1/2"]
[WhiteElo "2445"]
[BlackElo "2361"]

1. d4 Nf6 2. c4 e6 3. Nf3 d5 4. Bg5 Bb4+ 5. Nc3 h6 6. Bxf6 Qxf6 7. e3 O-O 8. a3
Bxc3+ 9. bxc3 c5 10. cxd5 exd5 11. Be2 Nc6 12. O-O Rd8 13. a4 b6 14. Ra2 Bg4
15. h3 Bh5 16. Rb2 c4 17. Nd2 Bxe2 18. Qxe2 Qe6 19. Re1 Re8 20. Rbb1 Rad8
1/2-1/2

*

[Event "6Ã¨me LUC open"]
[Site "Lille"]
[Date "2015-05-08"]
[Round "7.9"]
[White "VALLES, Manuel"]
[Black "SAGAR, Shah"]
[Result "0-1"]
[WhiteElo "2354"]
[BlackElo "2436"]

1. d4 Nf6 2. c4 e6 3. Nc3 Bb4 4. Qc2 d5 5. cxd5 exd5 6. Bg5 c5 7. e3 cxd4 8.
exd4 Nc6 9. Bb5 h6 10. Bh4 Qb6 11. Bxf6 Qxb5 12. Bxg7 Rg8 13. Bxh6 Rg6 14. Be3
Bxc3+ 15. bxc3 Rxg2 16. Ne2 Be6 17. Qb3 Qa6 18. Nf4 Rg7 19. a4 Qa5 20. Rb1 b6
21. Bd2 Bf5 22. Qb5 Kd7 23. Qxa5 Nxa5 24. Rb5 Be4 25. Rf1 Re8 26. Be3 Kc6 27.
Ke2 Nc4 28. Nh5 Rg2 29. Nf6 Re6 30. Nxe4 Rxe4 31. Kd3 Rxe3+ 0-1

*